Generation of vipers ...

Gespeichert in:
Bibliographische Detailangaben
1. Verfasser: Wylie, Philip
Format: Buch
Sprache:Undetermined
Veröffentlicht: New York Rinehart 1942
Schlagworte:
Tags: Tag hinzufügen
Keine Tags, Fügen Sie den ersten Tag hinzu!
Thư viện lưu trữ: Trung tâm Học liệu Trường Đại học Cần Thơ
LEADER 00486nam a2200193Ia 4500
001 CTU_88689
008 210402s9999 xx 000 0 und d
082 |a 973.92 
082 |b W983 
100 |a Wylie, Philip 
245 0 |a Generation of vipers ... 
245 0 |c Philip Wylie 
260 |a New York 
260 |b Rinehart 
260 |c 1942 
650 |a United states 
650 |x Civilization 
904 |i Năm,Hải 
980 |a Trung tâm Học liệu Trường Đại học Cần Thơ